000 00448nam a22001457a 4500
008 250117b |||||||| |||| 00| 0 eng d
020 _a9781645646686
050 _aTH6122
_b.B53
100 _aBlankenbaker, E. Keith
245 _aModern plumbing /by
_cE. Keith Blankenbaker
250 _a9th ed.
260 _aU. S, A.
_bThe Goodheart-Willcox Company
_c2022
300 _axiv,562p.
_bincludes Referece section, Glossary and index
942 _2lcc
_cBK
999 _c20566
_d20565